000
00381nam a2200133Ia 4500
008
151001s9999||||xx |||||||||||||| ||und||
100
_a
हरी नारायण आपटे
245
_a
स्फुट गोष्टी भाग-१
250
_a
14
260
_b
आर्यभूषण मुद्रणालय
260
_c
1965
300
_a
156
365
_b
18
999
_c
956691
_d
956688